000 01296cam a2200385 a 4500
001 17155439
005 20170105102345.0
007 ta
008 111214s2012 ii b 001 0 eng d
010 _a 2012323665
020 _a9788182745919
020 _a8182745918
025 _aI-E-2011-323665; 63-09
035 _a(OCoLC)ocn769743533
035 _a(OCoLC)769743533
037 _aLibrary of Congress -- New Delhi Overseas Office
040 _aDKAGE
_beng
_cDKAGE
_dDLC
041 1 _aeng
_hurd
042 _alccopycat
_alcode
043 _aa-pk---
050 0 0 _aDS392.P8
_bH8713 2012
082 0 4 _a954.914 HUS
_223
100 1 _aḤusain, Mujāhid.
245 1 0 _aPunjabi Taliban : driving extremism in Pakistan
_bdriving extremism in Pakistan
_cMujahid Hussain.
260 _aNew Delhi :
_bPentagon Security International, an imprint of Pentagon Press,
_c2012.
300 _axx, 223 p. ;
_c25 cm.
504 _aIncludes bibliographical references (p. [212]-218) and index.
520 _aTranslated from Urdu.
610 2 0 _aTaliban.
650 0 _aIslamic fundamentalism
_zPakistan
_zPunjab.
651 0 _aPunjab (Pakistan)
_xPolitics and government.
906 _a7
_bcbc
_ccopycat
_d3
_encip
_f20
_gy-gencatlg
942 _2ddc
_cBK
999 _c11662
_d11662